000 01045nam a2200277Ia 4500
001 21952
005 20260320113328.0
008 260320s9999||||xx |||||||||||||| ||und||
020 _a9786124353031
041 _aESP
082 _a320.014
_bU61
100 _a
_e
110 _aUniversidad Católica San Pablo
245 0 _aLa comunicación política en los gobiernos latinoamericanos 2010-2014 :
_blos casos de Argentina, Colombia, México, Perú, Uruguay y Venezuela
246 _a
_5
_b
250 _aPrimera edición
260 _aArequipa :
_bUniversidad Católica San Pablo,
_c2016
300 _a156 páginas :
_bilustraciones, tablas ;
_c23 cm.
_e
440 _a
_n
_v
650 _aCIS
653 _aComunicación política - América Latina; Tácticas políticas - América Latina; Propaganda política - América Latina
654 _aDER
700 _aTimaná Kure, Carlos,
_cEDT
856 _uhttps://0u20jme4p-y-https-www-jstor-org.itmsp.museknowledge.com/
_zVéase además: Base de datos JSTOR
942 _cLIB
_dJUS
_fMAT
_2ddc
_n
999 _c21952
_d21952